Normal view MARC view
  • Guillebeau C

Entry Personal Name

Number of records used in: 1

001 - CONTROL NUMBER

  • control field: 203878

003 - CONTROL NUMBER IDENTIFIER

  • control field: OSt

005 - DATE AND TIME OF LATEST TRANSACTION

  • control field: 20230719125549.0

008 - FIXED-LENGTH DATA ELEMENTS

  • fixed length control field: 230719|| aca||aabn | a|a d

040 ## - CATALOGING SOURCE

  • Original cataloging agency: OSt
  • Transcribing agency: OSt

100 ## - HEADING--PERSONAL NAME

  • Personal name: Guillebeau C

670 ## - SOURCE DATA FOUND

  • Source citation: Work cat.: (OSt)354478: Guillebeau C., The , 2012